000 00313nam a2200109 a 4500
005 20201002033813.0
008 130729s1933 000 spa d
100 _aSalvador, Humberto
_966117
245 0 _aEsquema sexual.
260 _aBuenos Aires, Argentina -- edit. claridad,
_c1933 -- 256 pag.
999 _c39400
_d39400
040 _aDO-SdBNP